| 000 | 01937nam0a2200385 4500 | ||
|---|---|---|---|
| 001 | RU\NLR\BIBL_A\022462072 | ||
| 005 | 20250228163933.0 | ||
| 010 |
_a978-5-6051414-0-2 _91000 |
||
| 021 |
_aRU _bАЛ-П-24-001021 _9АЛ-П-24-0215 |
||
| 035 | _a(NLR Aleph) 022462072 | ||
| 090 |
_a13364493 _c13364493 |
||
| 100 | _a20250219d2024 u y0rusy50 ca | ||
| 101 | 0 | _arus | |
| 102 | _aRU | ||
| 105 | _aac z 000yc | ||
| 181 | 0 |
_ab3 _bbb2e |
|
| 181 | 0 |
_ai2 _baxxe |
|
| 182 | 0 | _an | |
| 200 | 1 |
_aКафедральный собор Рождества Пресвятой Богородицы города Ростова-на-Дону _eфотокнига _fРостовская-на-Дону Епархия Русской Православной Церкви (Московский Патриархат) _g[фотографы: Грибов Сергей Андреевич и др.] |
|
| 203 |
_aИзображение _aТекст _bвизуальные _cнепосредственные |
||
| 210 |
_aМосква _cЭйПиСиПаблишинг _d2024 |
||
| 215 |
_a167 с. _cцв. ил., портр. _d30 |
||
| 300 | _aЗагл. обл.: Кафедральный собор | ||
| 512 | 1 | _aКафедральный собор | |
| 601 | 0 | 2 |
_aСобор Рождества Пресвятой Богородицы _cРостов-на-Дону, город _jФотоальбомы _92508238 _3RU\NLR\AUTH\6601702281 |
| 686 | 2 | _aЭ372.24-655.11я6 | |
| 702 | 1 |
_aГрибов _bС. А. _gСергей Андреевич _4600 |
|
| 711 | 0 | 2 |
_aСобор Рождества Пресвятой Богородицы _cРостов-на-Дону _9789363 _3RU\NLR\AUTH\880561087 |
| 712 | 0 | 2 |
_4570 _aРостовская-на-Дону епархия _92656316 _3RU\NLR\AUTH\880623948 |
| 942 | _cBOOK | ||
| 980 | _aNB | ||